| 000 | 00722nam a22001937a 4500 | ||
|---|---|---|---|
| 005 | 20240530110924.0 | ||
| 008 | 220221s1999 ua a g b 000 0 ara d | ||
| 040 |
_aEG-CaGPL _cEG-CaGPL |
||
| 082 | 0 | 4 |
_221 _a346.02 / _bح ع |
| 100 | 0 | _aحسن دياب | |
| 245 | 1 | 0 |
_aالعقود التجارية وعقد البيع سيف c i f دراسة مقارنة / _cحسن دياب |
| 250 | _aط.1 | ||
| 260 |
_aبيروت : _bالمؤسسة الجامعية للدراسات والنشر والتوزيع، _c1999 |
||
| 300 |
_a350 ص؛ _c24 سم |
||
| 650 | 0 | 7 |
_aالعقود التجارية _2qrmak |
| 650 | 0 | 7 |
_aالتجارة الدولية _2qrmak |
| 942 |
_2ddc _cBK |
||
| 999 |
_c66544 _d66544 |
||